000 00474nam a2200169Ia 4500
008 230718s9999 xx 000 0 und d
020 _a9780670085675
041 _aeng
082 _a158.1082
_bPIT
100 _aPitroda S.
_9199119
245 _aDreaming Big : My Journey To Connect India
260 _c2015
_bPortfolio/Penguin
300 _a331
365 _cRs.
_b699.00
700 _aPitroda S.
_9199119
906 _dO:0516228-Jun-2016B:174121-Jun-2016
_cGENRL
_b153.78
999 _c342286
_d342286